000 00563nam a22001817a 4500
005 20161122170457.0
010 _aENG-116615
020 _a9789351437055
_c395.00
035 _aEN-100147
037 _bDBAD/PUB
082 _a342.5406
100 _aGhose,Yashomati
245 _aTextbook on administrative law /
_cby Yashomati Ghose
260 _aGurgaon
_bLexisNexis
_c2016
270 _a14th Floor, Building No.10, Tower-B, DLF Cyber City, Phase-II
_bGurgaon
_e122002
300 _axvii,482p.
_c24cm(pbk)
942 _2ddc
_cEN
_mGHO
_h342.5406
999 _c104710
_d104710